000 01009nam a22002777a 4500
001 6382
003 FISKH
005 20250425162755.0
008 250425b cb ||||| |||| 00| 0 eng d
020 _a9781741797800
040 _aFISKH
_beng
_cFISKH
_dFISKH
050 _aDS406 .I637
082 _a915.404532
100 _aSingh, Sarina
245 _aIndia /
_cBy Sarina Singh & Joe Bindloss
250 _aFirst published , October 1981
260 _aFort Mill :
_bLonely Planet,
_c2011.
300 _a1229 pages :
_bcolor illustrations, maps ;
_c20 cm .
490 _aLonely Planet
520 _aLonely Planet's India is your passport to the most relevant, up-to-date advice on what to see and skip, and what hidden discoveries await you. Explore the magnificent monument to love that is the Taj Mahal, climb into the high Hima.
650 _aLonely Planet
_vNon-fiction
650 _aTravel guide
_vNon-fiction
700 _aBindloss, Joe
_eIllustrator
942 _2ddc
_cBK
_n0
999 _c6382
_d6382